| 000 | 00392nam a22001217a 4500 | ||
|---|---|---|---|
| 082 | _a220 PRO | ||
| 100 |
_aMUBASHAR,RASHID,BILAL _972147 |
||
| 245 | _aPR-SOF-1115-DESIGN AND DEVELOPMENT OF COST EFFECTIVE WATER SURFACE WHELLS FOR ELECTRIC POWER GENERATION | ||
| 260 |
_aISLAMABAD _bNUST COLLEGE OF EME _c2011 |
||
| 650 | _a DE-MECH-29 | ||
| 700 |
_aDR SYED WAHEED UL HAQ _918639 |
||
| 942 | _cCR | ||
| 999 |
_c578310 _d578310 |
||